[Event "British KO-ch 2019"]
[Site "London"]
[Date "2019.12.01"]
[Round "1.4"]
[White "Harvey, Marcus R"]
[Black "Adams, Michael"]
[Result "1/2-1/2"]
[WhiteElo "2405"]
[BlackElo "2692"]
[Annotator "TA"]
[PlyCount "121"]
[EventDate "2019.11.30"]
[EventType "k.o."]
[EventCountry "ENG"]
[SourceTitle "playchess.com"]
[Source "ChessBase"]
[SourceQuality "1"]

{[%evp 9,121,9,10,9,20,6,11,8,12,8,12,5,10,12,12,12,12,15,19,12,9,15,14,0,0,0,14,0,23,23,21,-50,49,44,103,8,8,3,18,0,0,0,0,-7,0,-14,0,0,0,-7,0,0,29,22,58,0,5,0,0,-5,-2,-10,0,0,0,0,0,0,0,-8,-8,-6,-7,-54,-54,-54,-54,-66,-61,-61,-61,-61,-61,-61,-61,-61,-61,-62,-62,-68,-68,-68,-68,-68,-68,-68,-68,-68,-68,-68,-68,-78,-68,-131,-131,-131,-131,-131,-131,-131,-131,-131,-131,-131]} 1. Nf3 d5 2. b3 Bg4 3. e3 e5 (3... Nd7 4. Bb2 Ngf6 5. h3 Bh5 6. g4 Bg6 7. Nh4 e5 8. d3 c6 9. Nd2 Bd6 10. Bg2 O-O 11. Qe2 a5 12. a3 Re8 13. Nxg6 hxg6 {1-0 (49) Grischuk,A (2766)-Caruana,F (2822) Saint Louis 2018}) 4. h3 Bxf3 5. Qxf3 Nf6 6. Bb2 {A06: Réti Opening:1 Nf3 d5} Nbd7 7. c4 e4 8. Qd1 {The position is equal.} dxc4 9. Bxc4 Bd6 10. Nc3 O-O $146 ({Predecessor:} 10... c6 11. O-O Qe7 {½-½ (11) Schussler,H (2446)-Bator,R (2414) Sweden 2002}) 11. d3 exd3 12. Bxd3 Qe7 13. Qc2 Rad8 14. Rd1 Rfe8 15. Be2 c6 16. Qf5 Be5 17. O-O Qc5 18. Qc2 Bc7 19. Rd2 h5 20. Rfd1 (20. Na4 $11 Qxc2 21. Rxc2) 20... h4 (20... Rxe3 $1 $15 21. b4 {[#]} (21. fxe3 Qxe3+ 22. Kh1 Qg3 $19) 21... Qe5 $1 {[%mdl 512]}) 21. Na4 Qg5 (21... Qxc2 $14 22. Rxc2 Ne4) 22. Bf3 ({White should try} 22. a3 $16) 22... Ne5 $132 {[%mdl 2048] Black has counterplay} 23. Bxe5 Qxe5 24. Rxd8 Rxd8 25. Rxd8+ Bxd8 26. Qc3 Qf5 {[#] Strongly threatening ...Qb1+.} 27. Qd4 Bc7 28. Nc3 Qc2 29. b4 Bb6 30. Qe5 Qc1+ 31. Nd1 Qd2 32. a3 ({Better is} 32. Qb8+ $14 Kh7 33. Qxb7) 32... Qd8 33. Nc3 Nd7 34. Qd6 Bc7 35. Qd4 Be5 36. Qd3 Qe7 37. Ne4 g6 38. Nd2 Bf6 39. Nc4 Ne5 40. Nxe5 Qxe5 41. Qd4 Qxd4 42. exd4 Bxd4 $15 {[%mdl 4096] Endgame KB-KB} 43. a4 a6 44. Kf1 Kf8 45. b5 cxb5 46. axb5 axb5 47. Bxb7 Ke7 48. Bd5 f6 49. Ke2 Kd6 50. Bf7 g5 51. f4 gxf4 52. Bh5 Kc5 53. Kd3 Be5 54. Bf3 Kb4 55. Kc2 Kc4 56. Kb1 (56. Be2+ $15 Kb4 57. Bg4) 56... Kc3 {Black is clearly better.} 57. Bc6 b4 {[%cal Bb5b4,Bb4b3][%mdl 32]} 58. Bd5 b3 59. Bf3 Bd4 60. Bb7 Be3 61. Bf3 {Accuracy: White = 56%, Black = 65%.} 1/2-1/2

[Event "British KO-ch 2019"]
[Site "London"]
[Date "2019.12.01"]
[Round "1.5"]
[White "Adams, Michael"]
[Black "Harvey, Marcus R"]
[Result "1-0"]
[WhiteElo "2692"]
[BlackElo "2405"]
[Annotator "TA"]
[PlyCount "141"]
[EventDate "2019.11.30"]
[EventType "k.o."]
[EventCountry "ENG"]
[SourceTitle "playchess.com"]
[Source "ChessBase"]
[SourceQuality "1"]

{[%evp 12,141,25,29,23,-14,53,18,32,14,0,-12,-8,-138,-121,-109,-8,-8,-10,-54,0,0,13,13,16,17,19,19,19,19,20,0,0,0,0,0,0,0,0,0,0,0,0,0,0,-14,-7,-18,0,0,0,-44,-43,-41,-41,-56,-56,-43,-51,-102,-90,-148,-68,-56,-37,-403,-33,-33,-35,-33,-33,-333,-8,-8,-8,-8,-8,-8,-8,-8,-8,-8,-8,-8,-8,-8,-8,-8,-8,-8,0,0,0,-8,87,87,87,87,29970,0,87,87,87,84,29975,29976,29976,29977,29977,29978,29978,29979,29979,29980,29980,29981,29981,29982,29983,29984,29984,29984,29985,29984,29986,29987,29989,29990,29990,29991,29991,29992]} 1. e4 e6 2. d4 d5 3. Nc3 Nf6 4. Bg5 dxe4 5. Nxe4 Be7 6. Bxf6 gxf6 7. Qd2 f5 {C13: French: Classical System: 4 Bg5 Be7, Alekhine-Chatard Attack} 8. Ng3 a6 (8... c5 $11) 9. O-O-O b5 {The position is equal.} 10. Nh5 $146 ({Predecessor:} 10. Nh3 h5 11. Be2 Bb7 12. Rhg1 h4 13. Nh5 Nd7 14. N3f4 Rg8 15. Bf3 Bxf3 16. gxf3 {½-½ (74) Vallejo Pons,F (2700)-Poetsch,H (2466) Germany 2013}) 10... Rg8 11. Be2 Bb7 ({Worse is} 11... Rxg2 12. Bf3 $16) 12. Bf3 (12. Nh3 $11) 12... Bg5 $17 13. Nf4 {[#]} Qd6 (13... e5 $1 $17 {[%mdl 512]} 14. Re1 (14. dxe5 Qxd2+) 14... Be4) 14. g3 $1 $11 Bxf4 15. gxf4 Bxf3 ({Black should try} 15... Bd5 $15 16. Qe3 Nc6) 16. Nxf3 Nd7 17. d5 O-O-O 18. Ng5 Qxd5 19. Qxd5 exd5 20. Rxd5 f6 21. Nf7 Rdf8 22. Nh6 {[%mdl 64] Double Attack} Rg2 23. Nxf5 Nb6 24. Rd2 Rg4 $1 25. Rd4 Rg2 26. Rd2 Rg4 $1 27. b3 Rxf4 28. Ng3 Rd8 29. Re2 Nd5 30. Kb2 b4 31. a3 Nc3 32. Ree1 a5 $36 {[%mdl 2048] Black is more active.} 33. axb4 axb4 34. Rhf1 Rd2 35. Re8+ (35. h3 $15) 35... Kb7 $17 36. Re7 ({White should play} 36. h3) 36... Rfxf2 (36... h5 $17 {...h4 is the strong threat.} 37. h4 Rxh4) 37. Rxf2 $15 Rxf2 38. Rxh7 $2 $17 {[%mdl 12288] Endgame KRN-KRN} (38. Ne4 $1 $15 Nxe4 39. Rxe4) 38... Nd1+ $2 ({Better is} 38... f5 $1 $19 {Hoping for ...f4.} 39. Re7 Rxh2) 39. Kc1 $15 Ne3 40. Rh4 c5 41. Re4 $2 {[%mdl 8192]} (41. Ne4 $1 $15 Rxc2+ 42. Kb1) 41... Nxc2 $2 (41... Rxc2+ $19 42. Kb1 Rc3) 42. Re2 $11 Rxe2 43. Nxe2 {KN-KN} Ne3 {With the idea ...Ng2.} 44. h4 Kc6 45. Kd2 Ng4 (45... Nf5 $5 46. h5 $8 Kd5 $11) 46. Nf4 Kd6 47. Kd3 Ke5 48. Ne2 Kd5 49. h5 f5 50. Nf4+ Ke5 51. Ng6+ Kf6 {Threatens to win with ...Ne5+.} 52. Kc4 Ne5+ (52... Kg5 $11 {keeps the balance.}) 53. Nxe5 $16 Kxe5 54. Kxc5 {KPP-KPP} f4 $2 {[%mdl 8192]} (54... Kf6 $16) 55. Kc4 $2 (55. h6 {mates} Kf6 56. Kd4 Kf7 57. Ke4 Kg6 58. Kxf4 Kxh6 59. Ke4 Kg5 60. Kd5) 55... Kf5 (55... f3 $11 {remains equal.} 56. Kd3 Kf4) 56. Kd3 Kg5 57. Ke4 {Strongly threatening h6!} Kxh5 $2 {[%mdl 8192]} (57... Kg4 $16) 58. Kxf4 {KP-KP. White mates.} Kg6 59. Ke5 Kf7 60. Kd5 Ke7 61. Kc5 Kd7 62. Kxb4 {KP-K} Kc6 {[#]} 63. Ka5 $1 Kb7 64. Kb5 Kc7 {[#]} 65. Ka6 $1 Kb8 66. Kb6 Ka8 67. b4 {[%cal Bb3b4,Bb4b5,Bb5b6,Bb6b7][%mdl 32]} Kb8 68. b5 Ka8 69. Kc7 Ka7 70. b6+ Ka6 71. b7 {Accuracy: White = 51%, Black = 43%.} 1-0

[Event "British KO-ch 2019"]
[Site "London"]
[Date "2019.12.06"]
[Round "3.1"]
[White "Adams, Michael"]
[Black "Howell, David W L"]
[Result "1/2-1/2"]
[WhiteElo "2692"]
[BlackElo "2701"]
[Annotator "TA"]
[PlyCount "125"]
[EventDate "2019.11.30"]
[EventType "k.o."]
[EventCountry "ENG"]
[SourceTitle "playchess.com"]
[Source "ChessBase"]
[SourceQuality "1"]

{[%evp 9,125,14,18,15,14,13,29,12,18,0,12,12,15,7,7,4,10,2,22,27,21,22,21,22,24,11,30,24,41,13,10,-6,30,-37,-26,-67,34,38,39,33,33,0,25,33,27,26,27,30,37,37,37,37,37,37,37,37,37,37,40,33,54,36,69,75,62,42,47,46,49,45,45,41,47,37,52,52,52,52,62,63,67,67,63,52,52,52,54,0,70,52,56,0,65,63,64,67,66,17,15,15,15,16,22,0,8,8,8,8,8,8,28,28,42,28,54,54,63,63]} 1. e4 e5 2. Nf3 Nc6 3. Bb5 Nf6 4. d3 Bc5 5. Bxc6 dxc6 6. O-O {C65: Ruy Lopez: Berlin Defence (3...Nf6), unusual lines and 4 0-0 Bc5} (6. Nbd2 Be6 7. O-O Nd7 8. Nb3 Bb6 9. Ng5 Bxb3 10. axb3 Qe7 11. Nf3 O-O 12. Nd2 Nc5 13. Nc4 f6 {1-0 (102) Dominguez Perez,L (2763)-Wang,H (2726) Khanty-Mansiysk 2019}) 6... Qe7 7. Nbd2 {[%cal Bb1d2,Bd2c4,Bc4e3,Be3f5][%mdl 32]} Bg4 8. a3 {White has an edge.} Nd7 9. h3 Bh5 10. b4 Bd6 11. Nc4 O-O 12. Bd2 $146 ({Predecessor:} 12. g4 Bg6 13. Be3 b6 {1-0 (38) Romanov,R (2393)-Becsenescu,F (2301) ICCF email 2011}) 12... Rfe8 13. Ne3 Nf8 14. Nf5 Qd7 15. Ng3 Bg6 16. Nh4 Ne6 17. Qg4 Rad8 18. Nhf5 Nd4 19. Rac1 c5 20. Be3 cxb4 21. axb4 (21. Nxd6 $11 Qxg4 22. hxg4 Rxd6 23. axb4) 21... h5 $1 $15 {[%cal Rh5g4]} ({Reject} 21... Bxb4 $6 22. c3 $14) 22. Qg5 Be7 (22... Nxf5 $1 $15 23. Nxf5 Bxb4) 23. Nxe7+ $14 Qxe7 24. Qxe7 Rxe7 25. Rfe1 f6 26. Ne2 Nxe2+ 27. Rxe2 a6 28. h4 Be8 29. Ra1 Re6 30. f3 Kf7 31. Kf2 Bb5 32. Ke1 Bc6 33. Kd2 Ree8 34. Kc3 Rd7 35. Rf2 Kg6 36. Rg1 Rh8 37. g3 Kf7 38. f4 {aiming for fxe5.} Re7 39. fxe5 Rxe5 40. Bd4 Re6 41. e5 Rh6 42. g4 hxg4 43. Rxg4 Rg6 44. Rgf4 Rh6 45. Kd2 Ke7 46. exf6+ gxf6 47. Rf5 Bd7 48. R5f4 (48. h5 $14) 48... Kf7 (48... Bc6 $1 $11) 49. Rg2 Bc6 50. Rg5 (50. Rg3 $14) 50... Rg6 (50... Rxh4 $1 $11 51. Rxh4 fxg5 52. Rh7+ Kg6 53. Rg7+ Kf5) 51. Rf2 Bd7 52. Rc5 Rc6 53. Rd5 Rd6 54. Rxd6 cxd6 $11 {[%mdl 4096] Endgame KRB-KRB} 55. Be3 Rg4 56. Rf4 (56. h5 {is more complex.} d5 57. Kc3 Rh4 58. h6 d4+ 59. Bxd4 Rxh6 60. Kc4) 56... Rxf4 57. Bxf4 {KB-KB} d5 58. h5 Bg4 59. h6 Kg6 60. Ke3 Bd1 61. c3 Bc2 62. Kd4 b5 63. Kxd5 {Accuracy: White = 67%, Black = 47%.} 1/2-1/2

[Event "British KO-ch 2019"]
[Site "London"]
[Date "2019.12.06"]
[Round "3.1"]
[White "McShane, Luke J"]
[Black "Jones, Gawain C B"]
[Result "0-1"]
[WhiteElo "2675"]
[BlackElo "2663"]
[Annotator "TA"]
[PlyCount "94"]
[EventDate "2019.11.30"]
[EventType "k.o."]
[EventCountry "ENG"]
[SourceTitle "playchess.com"]
[Source "ChessBase"]
[SourceQuality "1"]

{[%evp 16,94,29,29,47,53,105,105,89,98,97,0,24,0,24,-27,0,-32,-37,-134,0,0,45,39,47,49,61,58,50,46,45,64,86,78,143,156,151,0,167,169,158,151,189,-34,-36,-419,-435,-411,-222,-206,-207,-225,-144,-158,-83,-80,-56,-178,-54,-56,-74,-147,-125,-197,-211,-192,-170,-353,-310,-641,-614,-629,-479,-29961,-29962,-5289,-439,-29990,-29982,-29981,-29982]} 1. d4 Nf6 2. c4 c6 3. Nc3 d5 4. cxd5 cxd5 5. Bf4 Nc6 6. e3 e6 7. Bd3 Bd6 8. Bxd6 Qxd6 9. f4 h6 {D10: Slav Defence: 3 cxd5 (without early Nf3) and 3 Nc3} (9... O-O 10. Nf3 Bd7 11. Ne5 Rfc8 12. O-O Be8 13. Rf3 g6 14. Rh3 Nd7 15. Qe1 Qe7 16. Qg3 f6 17. Ng4 Qg7 18. Nh6+ {1-0 (73) Aronian,L (2815)-Kamsky,G (2762) Beijing 2012}) 10. Nf3 g5 (10... Nb4 $14) 11. Qd2 (11. fxg5 hxg5 12. g3 Ng4 $11) 11... gxf4 {White is better.} 12. exf4 Bd7 13. Kf2 $146 (13. O-O $16) ({Predecessor:} 13. O-O O-O-O 14. Ne5 Be8 15. Qe3 Kb8 16. Nb5 Qe7 17. Rac1 {½-½ (45) Sandic,V (2335)-Raicevic,M (2341) Serbia 2007}) 13... Ng4+ 14. Ke2 Qb4 15. Bb1 (15. h3 $142 Nf6 16. Ke3) 15... Na5 16. b3 Rg8 17. g3 (17. Bd3 $15) 17... Nc6 (17... Rc8 $17 18. Nd1 Qa3) 18. Rc1 $11 Ke7 19. Kf1 h5 20. Kg2 h4 21. a3 $1 {[%cal Ra3b4]} Qb6 22. Re1 {Hoping for Nxd5+.} Kd8 23. h3 (23. gxh4 Rc8 $17) 23... Nf6 24. g4 Nxg4 (24... Rc8 $142) 25. hxg4 $16 Rxg4+ 26. Kh2 $2 (26. Kf2 $1 $16) 26... Kc7 $2 {[#]} (26... Rg3 $1 $11 {and Black is okay.} 27. Qf2 (27. Nxh4 Rg4 $11) 27... Qxb3) 27. Bc2 $1 $18 Rg3 {[#]} 28. Rf1 $1 ({Worse is} 28. Nxh4 Rg4 $17) 28... Rag8 29. Rf2 $2 ({White has to play} 29. Rg1 $18) 29... Kb8 $15 30. Kh1 $2 {[%mdl 8192]} ({White should try} 30. Raf1 $15) 30... Rh3+ $19 31. Nh2 Nxd4 (31... Qxd4 $142 32. Qxd4 Nxd4) 32. Na4 Bxa4 $1 33. bxa4 Nxc2 34. Qxc2 Rc8 $40 {[%mdl 128] Black wants a kill.} (34... d4 $142 {And now ...d3 would win.} 35. Raf1 f6) 35. Qe2 $17 d4 {[%mdl 1024] aiming for ...d3. Black has strong compensation.} 36. Qe4 (36. Rf3 $15 Qc6 37. Rd1) 36... f5 ({Black should play} 36... Re3 $19 37. Qg2 Rg3) 37. Qe5+ $15 Ka8 {...Qc6+ is the strong threat.} 38. Qb5 (38. Raf1 $142) 38... Qc7 $17 39. Rb1 (39. Qf1 $17 {was worth a try.} Rg3 40. Re1) 39... a6 $19 ({Much less strong is} 39... Rxa3 40. Nf3 $17) 40. Qf1 Rg3 41. Qe2 $2 (41. Rd1) 41... Qc6+ ({Less strong is} 41... Rxa3 42. Qxe6 Re3 43. Qb6 $17) 42. Rf3 $2 (42. Nf3 e5 43. Kh2) 42... Qd5 43. Rbf1 d3 44. Qe3 (44. Qe5 $19 Qd7 45. Qe3) 44... d2 45. Rd1 Rc1 (45... Rc2 $142 46. Qe5 Qxe5 47. fxe5 Rxf3 48. Rxd2 Rc1+ 49. Kg2 Rxa3) 46. Qe2 (46. Rxc1 $19 dxc1=N 47. Qxc1 Rxf3 48. Nxf3 Qxf3+ 49. Kg1) 46... Rxf3 47. Nxf3 Qe4 {Played: Qd5-b3} 0-1

[Event "British KO-ch 2019"]
[Site "London"]
[Date "2019.12.06"]
[Round "3.2"]
[White "Howell, David W L"]
[Black "Adams, Michael"]
[Result "1/2-1/2"]
[WhiteElo "2701"]
[BlackElo "2692"]
[Annotator "TA"]
[PlyCount "128"]
[EventDate "2019.11.30"]
[EventType "k.o."]
[EventCountry "ENG"]
[SourceTitle "playchess.com"]
[Source "ChessBase"]
[SourceQuality "1"]

{[%evp 26,128,25,25,30,39,45,25,31,32,27,31,146,34,26,4,4,8,8,8,7,6,8,3,8,8,4,9,10,10,8,8,10,6,9,6,8,7,32,32,35,32,72,8,10,10,20,12,14,14,27,23,10,8,8,0,0,0,0,-33,-30,-30,-31,-31,-17,-34,-22,-39,0,0,0,0,0,0,0,0,0,0,0,0,0,0,0,0,0,0,-8,-8,0,0,0,0,0,0,0,0,0,0,0,0,0,0,0,0,0]} 1. e4 e5 2. Nf3 Nc6 3. Bb5 a6 4. Ba4 Nf6 5. O-O Be7 6. Re1 b5 7. Bb3 O-O 8. c3 d5 9. exd5 Nxd5 10. Nxe5 Nxe5 11. Rxe5 c6 12. d3 Bd6 13. Re1 Bf5 14. Qf3 Qh4 {C89: Closed Ruy Lopez: Marshall Attack} 15. g3 Qh3 16. Nd2 Rae8 $1 {[%cal Re8e1] White has an edge.} 17. Ne4 Bg4 18. Qg2 Qxg2+ 19. Kxg2 f5 20. Bf4 (20. h3 {seems wilder.} Bh5 21. Bf4 Bxf4 22. gxf4 fxe4 23. dxe4 Bf3+ 24. Kxf3 Rxf4+ 25. Kg3) 20... Bxf4 21. gxf4 fxe4 22. dxe4 {[%mdl 64] [#] Pin} Bf3+ $146 {[%mdl 576] Decoy} 23. Kxf3 Rxf4+ 24. Kg3 Rfxe4 25. Rxe4 Rxe4 $11 {[%mdl 4096] Endgame KRB-KRN} 26. f3 Re5 27. c4 bxc4 28. Bxc4 a5 29. Rc1 Kf8 30. h4 Ne7 31. Bd3 Rd5 32. Be4 Rd2 33. Rc5 a4 34. Ra5 ({Much weaker is} 34. Bxh7 Rxb2 35. a3 Rb3 $11) ({White should play} 34. Rc2 $16 Rd4 35. h5 (35. Bxh7 g6 $14)) 34... Rxb2 35. Rxa4 Kf7 36. Ra7 Kf6 37. a4 Ra2 38. a5 h6 39. h5 Nd5 40. Ra8 Ke5 41. Re8+ Kd6 42. Rg8 Nf6 43. Ra8 $1 Nxh5+ 44. Kg4 Nf6+ 45. Kf5 h5 46. Ra7 h4 (46... Rg2 {looks sharper.} 47. Ra8 h4 48. Rd8+ Kc5 49. Rh8 Ra2) 47. Rxg7 {The position is equal.} Nxe4 48. Kxe4 Rxa5 {[#] Strongly threatening ...Rh5. KR-KR} 49. Rg6+ Kc7 {White must now prevent ...Rh5.} 50. Rh6 Ra1 51. f4 Rh1 52. Kf3 h3 53. Kg3 c5 {aiming for ...Rd1.} 54. f5 Kd7 55. Rh7+ Kd6 56. f6 Rf1 {Threatens to win with ...c4.} 57. Rf7 c4 {Hoping for ...c3.} 58. Rf8 Kd7 {...c3 is the strong threat.} 59. Rf7+ $1 Ke6 60. Rc7 Kd5 (60... h2 $5 61. Kxh2 Kxf6 62. Rxc4 Ke6 $11) 61. f7 Kd4 62. Kxh3 c3 63. Kg4 Kd3 64. Kg5 c2 {Accuracy: White = 80%, Black = 72%.} 1/2-1/2

[Event "British KO-ch 2019"]
[Site "London"]
[Date "2019.12.06"]
[Round "3.2"]
[White "Jones, Gawain C B"]
[Black "McShane, Luke J"]
[Result "0-1"]
[WhiteElo "2663"]
[BlackElo "2675"]
[Annotator "TA"]
[PlyCount "122"]
[EventDate "2019.11.30"]
[EventType "k.o."]
[EventCountry "ENG"]
[SourceTitle "playchess.com"]
[Source "ChessBase"]
[SourceQuality "1"]

{[%evp 9,122,0,0,4,72,70,70,75,62,62,68,63,64,68,59,42,68,64,89,50,49,35,33,14,20,0,0,0,220,0,0,0,0,-33,10,-25,-19,-53,-40,-82,-71,-83,-82,-139,-131,-132,-91,-111,-56,-90,-97,-87,-91,-75,-68,-74,-79,-120,-121,-133,-63,-95,-109,-102,-85,-133,-132,-192,-198,-268,-275,-272,-280,-267,-291,-280,-283,-296,-265,-300,-229,-228,-204,-410,-299,-423,-415,-572,-432,-828,-796,-980,-950,-964,-234,-924,-217,-279,-255,-481,-468,-398,-377,-1057,-1014,-9162,-2656,-12843,-12843,-12844,-12844,-12845,-12845,-12847,-12847]} 1. d4 e6 2. Bf4 c5 (2... Nf6 3. e3 d5 4. c4 Bd6 5. Bxd6 cxd6 6. Nc3 dxc4 7. Bxc4 O-O 8. Nf3 a6 9. O-O b5 10. Bd3 Bb7 11. Qe2 Nbd7 12. a4 {1-0 (44) Karjakin,S (2783)-Meier,G (2630) chess.com INT 2017}) 3. e3 Qb6 4. Nc3 a6 5. a3 Nf6 6. Nf3 {A40: Unusual replies to 1 d4} Nh5 (6... d5 $11) 7. dxc5 $16 Bxc5 8. Na4 $146 {White is slightly better.} ({Predecessor:} 8. Bxb8 Rxb8 9. Nd2 Nf6 10. Na4 Qc6 11. Nxc5 Qxc5 12. c4 b6 13. Be2 Bb7 {0-1 (57) Kovacevic,S (2395)-Bellon Lopez,J (2450) Osuna 1992}) 8... Qa5+ {[%mdl 64] Double Attack} 9. c3 $1 Be7 10. b4 Qd8 $1 11. Bd6 b5 12. Nc5 Qb6 13. Bxe7 Kxe7 14. g4 Nf6 15. g5 Ne8 $1 16. Bg2 d6 17. Nd4 {aiming for Ncxe6.} Ra7 18. Ne4 Ra8 $2 {[#]} (18... e5 $11) 19. Nc5 $2 (19. Nxd6 $1 $18 {[%mdl 512]} Nxd6 (19... Qxd6 20. Bxa8) 20. Bxa8) 19... Ra7 $11 20. Ne4 e5 21. Nb3 (21. Nf3 {with more complications.} h6 22. g6 f5 23. Ng3 Rf8 24. O-O) 21... Be6 22. Na5 Nc6 23. Nb3 Kf8 24. Kf1 Ne7 25. Na5 Rc7 26. Qd2 (26. Rc1 $142) 26... h6 $17 27. h4 d5 28. Ng3 Nd6 ({Black should play} 28... e4 $17 29. Nb3 Nd6) 29. Kg1 Rc8 30. e4 Nc4 31. Nxc4 dxc4 32. Rd1 Ng6 33. Nf5 {[%cal Rg5h6]} Nf4 34. Bf3 Nd3 ({Better is} 34... hxg5 $1 $17 {Threatens to win with ...g6.} 35. hxg5 Rxh1+ 36. Bxh1 g6) 35. Qe3 Qxe3 36. Nxe3 a5 37. gxh6 Rxh6 38. Be2 (38. h5 $17) 38... Nf4 $19 39. Kf1 (39. Bf1 $142) 39... axb4 40. axb4 Ra8 41. Bg4 Bxg4 42. Nxg4 {[#]} Rd6 $1 {[%cal Rd6d1][%mdl 512]} 43. Re1 (43. Rxd6 Ra1+) 43... f6 44. h5 Ra3 45. h6 gxh6 46. Nxh6 $2 (46. Rxh6 Kg7 47. Kg1) 46... Rd2 47. Nf5 (47. Ng4 {was worth a try.} Rxc3 48. Rh7) 47... Nd3 48. Rh8+ Kf7 49. Rh7+ (49. Rb1 $142 Nxf2 50. Rh7+ Kg8 51. Rh4) 49... Kg8 50. Rg7+ Kf8 51. Rg6 Rxf2+ 52. Kg1 Raa2 $2 (52... Rxf5 53. exf5 Nxe1 54. Rxf6+ Kg7 $1 {[%mdl 512]} 55. Rg6+ Kf7) 53. Rxf6+ Ke8 54. Nd6+ $2 {[#]} (54. Ng7+ Kd7 55. Rxf2 Nxf2 56. Re3) 54... Kd7 $1 {[%mdl 512]} 55. Rxf2 Rxf2 56. Nxb5 $2 {[%mdl 4096] Endgame [#] KRN-KRN} (56. Re3 Rc2 57. Nf7) 56... Ra2 $1 {Black is clearly winning.} ({And not} 56... Kc6 57. Na7+ Kd7 58. Rf1 $11) 57. Re3 Kc6 58. Nd4+ exd4 59. cxd4 Rd2 60. d5+ Kb5 {( -> ...c3)} 61. d6 c3 {Accuracy: White = 27%, Black = 68%.} 0-1

[Event "British KO-ch 2019"]
[Site "London"]
[Date "2019.12.06"]
[Round "3.3"]
[White "Adams, Michael"]
[Black "Howell, David W L"]
[Result "1-0"]
[WhiteElo "2692"]
[BlackElo "2701"]
[Annotator "TA"]
[PlyCount "63"]
[EventDate "2019.11.30"]
[EventType "k.o."]
[EventCountry "ENG"]
[SourceTitle "playchess.com"]
[Source "ChessBase"]
[SourceQuality "1"]

{[%evp 9,63,17,22,23,16,0,8,0,6,12,15,19,30,16,24,22,24,27,40,42,42,47,50,45,41,39,63,40,106,114,106,99,122,94,548,543,1070,1057,6737,3301,717,2840,1456,2648,1383,5690,692,693,5377,5457,2352,2279,1725,1761,1293,639]} 1. e4 e5 2. Nf3 Nc6 3. Bb5 Nf6 4. d3 Bc5 5. Bxc6 dxc6 6. O-O {C65: Ruy Lopez: Berlin Defence (3...Nf6), unusual lines and 4 0-0 Bc5} (6. Nbd2 Be6 7. O-O Nd7 8. Nb3 Bb6 9. Ng5 Bxb3 10. axb3 Qe7 11. Nf3 O-O 12. Nd2 Nc5 13. Nc4 f6 {1-0 (102) Dominguez Perez,L (2763)-Wang,H (2726) Khanty-Mansiysk 2019}) 6... Nd7 7. Be3 Qe7 8. Nc3 {The position is equal.} Bd6 9. Nd2 Nf8 10. Nc4 $146 ({Predecessor:} 10. f4 exf4 11. Bxf4 Bc5+ 12. Kh1 Ng6 13. Bg3 h5 14. h3 {1-0 (72) Popovic,D (2554)-Sammour Hasbun,J (2460) ICC INT 2009}) 10... Ne6 11. Nxd6+ Qxd6 12. Ne2 c5 13. f4 exf4 14. Nxf4 Nxf4 15. Bxf4 Qd4+ 16. Kh1 Qxb2 17. Qh5 Qb6 18. Be3 Be6 (18... O-O $14) 19. Bxc5 $16 Qc6 20. Qg5 $40 {[%csl Gc5][%cal Rg5e7][%mdl 128] White is out for blood.} Kd7 21. d4 {Black must now prevent Qe7+.} Qxe4 $2 {[%mdl 8192] [#]} (21... b6 $16 {is tougher.}) 22. Qe7+ $1 $18 {White is clearly winning.} Kc8 23. Rxf7 {[%csl Gf7][%cal Re7c7][%mdl 64] Pin} Qc6 24. Rf8+ Rxf8 25. Qxf8+ Kd7 26. Qxg7+ {[%mdl 64] Double Attack} Kc8 27. Qh8+ Kd7 28. Qxh7+ Kc8 {intending ...b6.} 29. Qh8+ Kd7 30. Qg7+ Kc8 {[#]} 31. Qf8+ $1 Kd7 32. Qxa8 {Accuracy: White = 66%, Black = 43%.} (32. Qe7+ $142 Kc8 33. Qf8+ Kd7 34. Qxa8) 1-0

[Event "British KO-ch 2019"]
[Site "London"]
[Date "2019.12.06"]
[Round "3.4"]
[White "Howell, David W L"]
[Black "Adams, Michael"]
[Result "0-1"]
[WhiteElo "2701"]
[BlackElo "2692"]
[Annotator "TA"]
[PlyCount "130"]
[EventDate "2019.11.30"]
[EventType "k.o."]
[EventCountry "ENG"]
[SourceTitle "playchess.com"]
[Source "ChessBase"]
[SourceQuality "1"]

{[%evp 26,130,29,29,29,36,39,25,34,25,36,27,138,34,43,8,9,9,9,9,7,7,9,6,2,5,3,5,9,8,8,6,6,7,10,8,8,8,37,25,42,33,60,17,18,23,20,9,3,0,25,8,8,8,8,0,0,0,12,12,29,24,39,39,40,31,37,8,8,2,2,5,3,0,0,0,0,0,12,0,0,0,0,0,8,8,34,0,0,0,0,0,0,0,0,0,0,0,0,-772,-744,-29984,-29985,-29985,-29986,-29986,-29987]} 1. e4 e5 2. Nf3 Nc6 3. Bb5 a6 4. Ba4 Nf6 5. O-O Be7 6. Re1 b5 7. Bb3 O-O 8. c3 d5 9. exd5 Nxd5 10. Nxe5 Nxe5 11. Rxe5 c6 12. d3 Bd6 13. Re1 Bf5 14. Qf3 Qh4 {C89: Closed Ruy Lopez: Marshall Attack} 15. g3 Qh3 16. Nd2 Rae8 {White has an edge.} 17. Ne4 Bg4 18. Qg2 Qxg2+ 19. Kxg2 f5 20. Bf4 (20. h3 {is interesting.} Bh5 21. Bf4 Bxf4 22. gxf4 fxe4 23. dxe4 Bf3+ 24. Kxf3 Rxf4+ 25. Kg3) 20... Bxf4 21. gxf4 fxe4 22. dxe4 {[%mdl 64] [#] Pin} Bf3+ $146 {[%mdl 576] Decoy} 23. Kxf3 Rxf4+ 24. Kg3 Rfxe4 25. Rxe4 Rxe4 $11 {[%mdl 4096] Endgame KRB-KRN} 26. f3 Re5 27. c4 bxc4 28. Bxc4 a5 29. Rc1 Kf8 30. h4 Ne7 31. Bd3 Rd5 32. Be4 Rd2 33. Rc5 a4 34. Ra5 (34. Rc2 $5 {[%cal Rc2d2]} Rd4 35. h5 $16 (35. Bxh7 g6 $14)) 34... Rxb2 35. Rxa4 Kf7 36. Kf4 Ng6+ 37. Kg3 Ne7 $1 38. Ra6 c5 39. a4 c4 40. Kf4 c3 41. Ke3 Rh2 {White must now prevent ...c2.} 42. Ra5 Ke6 43. Kd3 Rxh4 44. Kxc3 Rh1 45. Kb2 g6 46. Rc5 Kd6 47. Rc2 (47. Rb5 {keeps more tension.} Rh5 48. Rb6+ Kd7 49. Kc3 Nd5+ 50. Bxd5 Rxd5 51. Rb7+) 47... Rh5 48. Kb3 Rc5 49. Rd2+ Kc7 50. Kb4 Re5 51. Kc4 Ra5 52. Kb4 Re5 53. Rc2+ Kb6 54. Rb2 Nf5 55. Rd2 {Rd7 is the strong threat.} Ne7 56. Rd6+ (56. Rd7 $5 {[%cal Ra4a5]} Nc6+ 57. Kc3 $14) 56... Kc7 57. Ra6 h5 58. a5 h4 59. Ra7+ Kd6 {Strongly threatening ...Rxe4+!} 60. Ra6+ Kc7 61. Ra7+ Kd6 {Hoping for ...Rxe4+!} 62. a6 $2 {[%mdl 8192] [#]} (62. Ra8 $11) 62... Rxe4+ $1 $19 {[%mdl 576] Remove Defender} 63. fxe4 Nc6+ {[%mdl 64] Double Attack. Black mates.} 64. Kb5 Nxa7+ 65. Kb6 h3 {Accuracy: White = 50%, Black = 73%.} 0-1